000 01025nam a2200241Ia 4500
003 Ost
005 20260507075411.0
008 260507s9999||||xx |||||||||||||| ||und||
020 _a977328297X
040 _cfsecg
041 _aara
082 _a330
100 _aناصف، إيمان عطية
_eمؤلف
245 0 _aمبادئ الإقتصاد الكلي /
_c إيمان عطية ناصف
260 _aالإسكندرية:
_bدار الجامعة الحديثة,
_c2007
300 _a404 صفحة؛
_bإيضاحات ؛
_c24 سم
520 _aيضم قياس مستوى النشاط الاقتصادي، الطلب الكلي ومحدداته، تحديد توازن الدخل القومي، النقود والبنوك، بعض مشاكل الاقتصاد الكلي، التجارة الخارجية، التخلف والبيئة
653 _aالإقتصاد الكلي
653 _aالبنوك
653 _aالتجارة الخارجية
653 _aالدخل القومي
942 _cكتاب
999 _c44408
_d44408